New construction and rehabilitation on college campuses, (Record no. 34438)
[ view plain ]
| 000 -LEADER | |
|---|---|
| fixed length control field | 01449cam a22003011 4500 |
| 001 - CONTROL NUMBER | |
| control field | hew63000110 |
| 003 - CONTROL NUMBER IDENTIFIER | |
| control field | DLC |
| 005 - DATE AND TIME OF LATEST TRANSACTION | |
| control field | 20260227111512.0 |
| 008 - FIXED-LENGTH DATA ELEMENTS--GENERAL INFORMATION | |
| fixed length control field | 720706s1963 dcuab f000 0 eng c |
| 010 ## - LIBRARY OF CONGRESS CONTROL NUMBER | |
| LC control number | hew63000110 |
| 035 ## - SYSTEM CONTROL NUMBER | |
| System control number | (OCoLC)349540 |
| 040 ## - CATALOGING SOURCE | |
| Original cataloging agency | U.S. Dept. of Health, Education, and Welfare. Library |
| Transcribing agency | ODaU |
| Modifying agency | OCoLC |
| -- | DLC |
| 042 ## - AUTHENTICATION CODE | |
| Authentication code | premarc |
| 050 00 - LIBRARY OF CONGRESS CALL NUMBER | |
| Classification number | L111 |
| Item number | .A72 no. 709 |
| 086 0# - GOVERNMENT DOCUMENT CLASSIFICATION NUMBER | |
| Classification number | OE-51002-61 |
| 100 1# - MAIN ENTRY--PERSONAL NAME | |
| Personal name | Bokelman, W. Robert. |
| 245 10 - TITLE STATEMENT | |
| Title | New construction and rehabilitation on college campuses, |
| Remainder of title | 1959-60 and 1960-61, |
| Statement of responsibility, etc. | by W. Robert Bokelman and Leslie F. Robbins. |
| 260 ## - PUBLICATION, DISTRIBUTION, ETC. | |
| Place of publication, distribution, etc. | [Washington] |
| Name of publisher, distributor, etc. | U.S. Dept. of Health, Education, and Welfare, Office of Education; |
| -- | [for sale by the Superintendent of Documents, U.S. Govt. Print. Off., |
| Date of publication, distribution, etc. | 1963] |
| 300 ## - PHYSICAL DESCRIPTION | |
| Extent | vii, 54 p. |
| Other physical details | maps, diagrs., tables. |
| Dimensions | 26 cm. |
| 490 1# - SERIES STATEMENT | |
| Series statement | United States. Office of Education. Circular, |
| Volume/sequential designation | no. 709 |
| 500 ## - GENERAL NOTE | |
| General note | "OE-51002-61." |
| 500 ## - GENERAL NOTE | |
| General note | "Follows in chronological order 'Progress in the construction of higher education facilities, 1951-59' (OE Circular no. 665)" |
| 501 ## - WITH NOTE | |
| With note | With : Science publication / Albert Piltz. Washington : Govt. Print. Off., 1963. Bound together subsequent to publication. |
| Institution to which field applies | DLC |
| 650 #0 - SUBJECT ADDED ENTRY--TOPICAL TERM | |
| Topical term or geographic name entry element | College buildings. |
| 650 #0 - SUBJECT ADDED ENTRY--TOPICAL TERM | |
| Topical term or geographic name entry element | Universities and colleges |
| Geographic subdivision | United States |
| General subdivision | Finance. |
| 700 1# - ADDED ENTRY--PERSONAL NAME | |
| Personal name | Robbins, Leslie Frank, |
| Dates associated with a name | 1898- |
| Relator term | joint author. |
| 830 #0 - SERIES ADDED ENTRY--UNIFORM TITLE | |
| Uniform title | Circular (United States. Office of Education) ; |
| Volume/sequential designation | no. 709. |
No items available.